000 00239nam a22000857a 4500
999 _c11408
_d11408
008 190416b ||||| |||| 00| 0 eng d
020 _a9788178557472
100 _97140
_aGOEL D K ET AL
245 _aBUSINESS STUDIES CLASS XII IN QUESTION -ANSWER